| 000 | 01341nam a22003137a 4500 | ||
|---|---|---|---|
| 999 |
_c15979 _d15979 |
||
| 003 | EG-ScBUE | ||
| 005 | 20200115121930.0 | ||
| 008 | 110908s2006 ua f b 000 0 ara d | ||
| 020 | _a9774371003 | ||
| 040 |
_aEG-ScBUE _bara _erda _cEG-ScBUE _dEG-ScBUE |
||
| 041 | 1 |
_aara _hper |
|
| 082 | 0 | 4 |
_a891.5511 _bى م ي _222 |
| 100 | 1 |
_aابن يمين، فخر الدين محمود، _d1286-1367، _eمؤلف. _927079 |
|
| 245 | 1 | 0 |
_aديوان أشعار ابن يمين الفريومدى. _nالجزء الأول / _cدراسة وترجمة محمد محمد يونس. |
| 250 | _aالطبعة الأولى. | ||
| 264 | 1 |
_aالقاهرة : _bالمجلس الأعلى للثقافة، _c2006. |
|
| 300 |
_a611 صفحة ؛ _c24 سم. |
||
| 336 |
_2rdacontent _aنص _btxt |
||
| 337 |
_2rdamedia _aبدون وسيط _bn |
||
| 338 |
_2rdacarrier _aمجلد _bnc |
||
| 490 | 0 |
_aالمشروع القومي للترجمة ؛ _v1069 |
|
| 504 | _aيشتمل على إرجاعات ببليوجرافية. | ||
| 546 | _aالنص باللغة العربية وتم ترجمته من اللغة الفارسية. | ||
| 650 | 7 |
_aالشعر الفارسى _xدوواوين وقصائد. _2BUEsh _927080 |
|
| 653 |
_cSeptember2011 _bGGEN |
||
| 655 | _vReading book | ||
| 700 | 1 |
_aيونس، محمد محمد، _cمترجم. _927081 |
|
| 942 |
_2ddc _cBB |
||